000
00265nam a22001217a 4500
008
230620b xxu||||| |||| 00| 0 eng d
082
_a
323.34
_b
IPU
110
_b
IPU
245
_a
Politics:Women's Inight
260
_b
IPU
_c
2000
300
_a
193p
942
_2
ddc
_c
BK
999
_c
1746
_d
1746